Liczby od 1-10 w różnych językach! #12 Chiński (Mandaryński) - Statystyki

Ogólne statystyki
  • Ten quiz został rozwiązany 52 razy
  • Średni wynik to 7 z 10
Statystyki odpowiedzi
# Liczba % Poprawnych
2 Er
83%
10 Shi
83%
1 Yi
83%
3 San
76%
5 Wu
76%
8 Ba
66%
6 Liu
66%
7 Qi
66%
4 Si
66%
9 Jiu
59%
Nie znaleziono quizów pasujących do podanych kryteriów
Rozkład punktacji
Procent ludzi z każdym wynikiem
Percentyl według liczby udzielonych odpowiedzi
Twoja historia wyników
Nie rozwiązałeś tego quizu